World Capitals Closest to Barcelona - Statistics

General Stats
  • This quiz has been taken 67 times
  • The average score is 16 of 20
Answer Stats
Km Capital % Correct
860 Rome
100%
832 Paris
98%
137 Andorra la Vella
94%
1004 Lisbon
94%
504 Madrid
92%
1139 London
91%
748 Bern
85%
500 Monaco
82%
860 Vatican City
82%
1065 Brussels
78%
1142 Rabat
78%
861 Tunis
78%
1240 Amsterdam
77%
964 Luxembourg
77%
885 San Marino
75%
521 Algiers
68%
865 Vaduz
62%
1118 Ljubljana
54%
1215 Zagreb
48%
1230 Valletta
46%
No matching quizzes found
Score Distribution
Percent of People with Each Score
Percentile by Number Answered
Your Score History
You have not taken this quiz